[Event "SLO-chT 33rd"]
[Site "Slovenia"]
[Date "2023.10.13"]
[Round "4.4"]
[White "Vombek, Danijel"]
[Black "Borisek, Jure"]
[Result "0-1"]
[WhiteElo "2298"]
[BlackElo "2570"]
[PlyCount "116"]
[EventDate "2023.09.22"]
[EventType "team-tourn"]
[EventRounds "9"]
[EventCountry "SLO"]
[SourceTitle "CBM 216 Extra"]
[Source "ChessBase"]
[SourceDate "2023.11.30"]
[SourceVersion "1"]
[SourceVersionDate "2023.11.30"]
[SourceQuality "1"]
[WhiteTeam "Maribor Branik"]
[BlackTeam "Ljubljana Tajfun"]
[WhiteTeamCountry "SLO"]
[BlackTeamCountry "SVK"]

1. e4 e5 2. Nf3 Nc6 3. Bb5 a6 4. Bxc6 dxc6 5. 0-0 Qf6 6. d4 exd4 7. Bg5 Qd6 8. Nxd4 Be7 9. Be3 Nf6 10. f3 c5 11. Ne2 Bd7 12. Nbc3 0-0-0 13. Qxd6 Bxd6 14. Rad1 Rde8 15. Bf4 Be7 16. Bc1 Bc6 17. Nf4 Nd7 18. Nfd5 Bd8 19. Rfe1 h5 20. b3 h4 21. Bb2 h3 22. Ne2 hxg2 23. Kxg2 Rh7 24. Ng3 Nf8 25. Nf4 b6 26. Nf5 f6 27. Kg3 g6 28. Ne3 f5 29. Nfg2 fxe4 30. f4 Ne6 31. Nd5 Ng7 32. Bxg7 Rxg7 33. h4 Rh7 34. c4 Bd7 35. Rh1 b5 36. cxb5 axb5 37. Rc1 c6 38. Rxc5 Rh5 39. Rhc1 Reh8 40. Nde3 Bxh4+ 41. Nxh4 Rxh4 42. Rg5 Rh2 43. Ng2 R8h6 44. Kf2 Kb7 45. Ke3 Bf5 46. Kd4 R6h3 47. Re1 Kb6 48. b4 Rd3+ 49. Ke5 Rhh3 50. Re2 Kc7 51. Ne1 Rd5+ 52. Kf6 Rd6+ 53. Kg7 Rd7+ 54. Kf6 Rh8 55. Rgg2 Rd6+ 56. Kg7 Rh4 57. Rg5 Rd7+ 58. Kf6 Rhh7 0-1

[Event "Online Olym Div Top-B"]
[Site "Chess.com INT"]
[Date "2021.09.09"]
[Round "4.2"]
[White "Gozzoli, Yannick"]
[Black "Borisek, Jure"]
[Result "1/2-1/2"]
[WhiteElo "2602"]
[BlackElo "2591"]
[PlyCount "43"]
[EventDate "2021.09.08"]
[EventType "team (rapid)"]
[EventRounds "9"]
[EventCountry "USA"]
[SourceTitle "CBM 204 Extra"]
[Source "ChessBase"]
[SourceDate "2021.11.30"]
[SourceVersion "1"]
[SourceVersionDate "2021.11.30"]
[SourceQuality "1"]
[WhiteTeam "France"]
[BlackTeam "Slovenia"]
[WhiteTeamCountry "FRA"]
[BlackTeamCountry "SLO"]

1. d4 d5 2. c4 dxc4 3. Nf3 Nf6 4. e3 e6 5. Bxc4 c5 6. 0-0 Nc6 7. Qe2 a6 8. dxc5 Bxc5 9. e4 b5 10. Bb3 Bb7 11. Nc3 Qb6 12. Bf4 Nd4 13. Nxd4 Bxd4 14. Rad1 0-0 15. Rd3 Bxc3 16. Rxc3 Nxe4 17. Rh3 e5 18. Qh5 Qg6 19. Qxg6 hxg6 20. Bxe5 Nd2 21. Rd1 Nxb3 22. axb3 1/2-1/2

[Event "Online Olym Div Top-B"]
[Site "Chess.com INT"]
[Date "2021.09.08"]
[Round "3.5"]
[White "Fawzy, Adham"]
[Black "Borisek, Jure"]
[Result "1-0"]
[WhiteElo "2488"]
[BlackElo "2591"]
[PlyCount "93"]
[EventDate "2021.09.08"]
[EventType "team (rapid)"]
[EventRounds "9"]
[EventCountry "USA"]
[SourceTitle "CBM 204 Extra"]
[Source "ChessBase"]
[SourceDate "2021.11.30"]
[SourceVersion "1"]
[SourceVersionDate "2021.11.30"]
[SourceQuality "1"]
[WhiteTeam "Egypt"]
[BlackTeam "Slovenia"]
[WhiteTeamCountry "EGY"]
[BlackTeamCountry "SLO"]

1. e4 e5 2. Nf3 Nc6 3. d4 exd4 4. Bc4 Bc5 5. 0-0 d6 6. c3 d3 7. Qxd3 Nf6 8. b4 Bb6 9. a4 a6 10. Be3 Bxe3 11. Qxe3 0-0 12. Nbd2 Ng4 13. Qf4 Nce5 14. Bb3 Be6 15. h3 Nxf3+ 16. Qxf3 Ne5 17. Qe2 Bxb3 18. Nxb3 Re8 19. Rad1 Qd7 20. a5 Qc6 21. Qc2 Nc4 22. Rfe1 b5 23. Nd4 Qd7 24. Rd3 g6 25. Rg3 Kh8 26. Qc1 Qe7 27. Qf4 c5 28. Nf3 f6 29. h4 Ne5 30. Rd1 Rad8 31. h5 g5 32. Qf5 Nf7 33. Qd5 Ne5 34. h6 Ng6 35. Qc6 Nf4 36. Re1 Qd7 37. Qxd7 Rxd7 38. bxc5 dxc5 39. e5 Rde7 40. Kh2 Nd3 41. exf6 Nxe1 42. fxe7 Rxe7 43. Nxg5 Kg8 44. Ne4+ Kf7 45. Rg7+ Kf8 46. Nxc5 Re5 47. Nd7+ 1-0

[Event "Online Olym Div2 D"]
[Site "Chess.com INT"]
[Date "2021.09.03"]
[Round "5.2"]
[White "Borisek, Jure"]
[Black "Martinez Reyes, Pedro Ramon"]
[Result "1-0"]
[WhiteElo "2591"]
[BlackElo "2404"]
[PlyCount "115"]
[EventDate "2021.09.02"]
[EventType "team (rapid)"]
[EventRounds "9"]
[EventCountry "USA"]
[SourceTitle "CBM 204 Extra"]
[Source "ChessBase"]
[SourceDate "2021.11.30"]
[SourceVersion "1"]
[SourceVersionDate "2021.11.30"]
[SourceQuality "1"]
[WhiteTeam "Slovenia"]
[BlackTeam "Venezuela"]
[WhiteTeamCountry "SLO"]
[BlackTeamCountry "VEN"]

1. e4 e6 2. d4 d5 3. e5 c5 4. c3 Ne7 5. Nf3 Nec6 6. Bd3 b6 7. 0-0 Ba6 8. Re1 Bxd3 9. Qxd3 Be7 10. a3 Nd7 11. Nbd2 a5 12. Nf1 c4 13. Qd2 h6 14. Qf4 Qc7 15. Ng3 g6 16. h4 Rh7 17. h5 g5 18. Qd2 a4 19. Nh2 b5 20. Qc2 Rh8 21. f4 gxf4 22. Bxf4 0-0-0 23. Rf1 Rdg8 24. Rf3 Bg5 25. Qd2 Nd8 26. Ng4 Qb6 27. Bxg5 Rxg5 28. Nxh6 Rg7 29. Qf4 Rhh7 30. Raf1 Qa7 31. R1f2 Nf8 32. Ng4 Nd7 33. h6 Rg6 34. Nh5 b4 35. axb4 a3 36. bxa3 Qxa3 37. Rh3 Qa1+ 38. Kh2 Rxg4 39. Qxg4 Rxh6 40. Nf6 Nxf6 41. Rxf6 Rxf6 42. exf6 Qf1 43. Qg5 Kd7 44. Rf3 Qb1 45. Rh3 Qf1 46. Rh8 Nb7 47. Qe5 Nd6 48. Rd8+ Kxd8 49. Qxd6+ Kc8 50. Qf8+ Kd7 51. Qxf7+ Kd8 52. Qe7+ Kc8 53. Qxe6+ Kd8 54. Qxd5+ Ke8 55. Qe6+ Kd8 56. Qd6+ Kc8 57. d5 Qf2 58. Qc5+ 1-0

[Event "Online Olym Div2 C"]
[Site "Chess.com INT"]
[Date "2020.08.15"]
[Round "4.1"]
[White "Sirosh, Ilja"]
[Black "Borisek, Jure"]
[Result "1/2-1/2"]
[WhiteElo "2405"]
[BlackElo "2591"]
[PlyCount "93"]
[EventDate "2020.08.14"]
[EventType "team-tourn (rapid)"]
[EventRounds "9"]
[EventCountry "USA"]
[SourceTitle "CBM 198"]
[Source "ChessBase"]
[SourceDate "2020.10.31"]
[SourceVersion "1"]
[SourceVersionDate "2020.10.31"]
[SourceQuality "1"]
[WhiteTeam "Estonia"]
[BlackTeam "Slovenia"]
[WhiteTeamCountry "EST"]
[BlackTeamCountry "SLO"]

1. d4 Nf6 2. c4 g6 3. Nc3 d5 4. cxd5 Nxd5 5. e4 Nxc3 6. bxc3 Bg7 7. Bc4 c5 8. Ne2 Nc6 9. Be3 0-0 10. h4 Qa5 11. 0-0 Rd8 12. Qb3 e6 13. d5 exd5 14. Bxd5 Qc7 15. Bxc5 Ne5 16. Bd4 Ng4 17. g3 Nf6 18. Nf4 Bg4 19. Kg2 Qd7 20. Qxb7 Nxd5 21. Qxd5 Qe8 22. Qg5 Bxd4 23. cxd4 Qxe4+ 24. f3 Qc2+ 25. Rf2 Bxf3+ 26. Kg1 Qc3 27. Raf1 Qxd4 28. Kh2 Bd5 29. Nh5 Bc4 30. Nf6+ Kg7 31. Rf4 Qb2+ 32. R1f2 Rd2 33. Ng4 Rxf2+ 34. Rxf2 Qd4 35. h5 Re8 36. Qh6+ Kh8 37. hxg6 fxg6 38. Rf8+ Rxf8 39. Qxf8+ Bg8 40. Nf6 Qb2+ 41. Kh3 Qxa2 42. Nxg8 Qxg8 43. Qf6+ Qg7 44. Qd8+ Qg8 45. Qf6+ Qg7 46. Qd8+ Qg8 47. Qf6+ 1/2-1/2

[Event "Online Olym Div2 C"]
[Site "Chess.com INT"]
[Date "2020.08.14"]
[Round "2.1"]
[White "Anton Guijarro, David"]
[Black "Borisek, Jure"]
[Result "1/2-1/2"]
[WhiteElo "2703"]
[BlackElo "2591"]
[PlyCount "108"]
[EventDate "2020.08.14"]
[EventType "team-tourn (rapid)"]
[EventRounds "9"]
[EventCountry "USA"]
[SourceTitle "CBM 198"]
[Source "ChessBase"]
[SourceDate "2020.10.31"]
[SourceVersion "1"]
[SourceVersionDate "2020.10.31"]
[SourceQuality "1"]
[WhiteTeam "Spain"]
[BlackTeam "Slovenia"]
[WhiteTeamCountry "ESP"]
[BlackTeamCountry "SLO"]

1. Nf3 Nf6 2. c4 c5 3. Nc3 Nc6 4. e3 e6 5. d4 d5 6. cxd5 exd5 7. Bb5 cxd4 8. exd4 Be7 9. 0-0 0-0 10. Ne5 Qb6 11. Be3 Be6 12. Rc1 Rac8 13. Bxc6 bxc6 14. Na4 Qa6 15. b3 Nd7 16. Nxd7 Bxd7 17. Qd2 Rfe8 18. Nc5 Bxc5 19. Rxc5 Qb6 20. Bf4 Re6 21. Re1 Rce8 22. Rxe6 Rxe6 23. h3 f6 24. Be3 Bc8 25. Qc3 Bd7 26. b4 Re8 27. a3 a6 28. Qd3 Re4 29. Qd1 Re8 30. h4 Re4 31. h5 h6 32. Qd2 Qd8 33. f3 Re6 34. Bf2 Qe8 35. Qd3 Bc8 36. Qg6 Bb7 37. a4 Re1+ 38. Kh2 Re2 39. Bg3 Qe3 40. Qg4 f5 41. Qf4 Qxf4 42. Bxf4 Rb2 43. Be5 Rxb4 44. a5 Kf7 45. Kg3 g6 46. hxg6+ Kxg6 47. Kf4 Rb5 48. Rxb5 cxb5 49. Bd6 Kf6 50. Bb4 Bc6 51. Bc5 Be8 52. Bb4 Bc6 53. Bc5 Be8 54. Bb4 Bc6 1/2-1/2

[Event "EU-chT 22nd"]
[Site "Batumi"]
[Date "2019.11.01"]
[Round "8.2"]
[White "Borisek, Jure"]
[Black "Bosiocic, Marin"]
[Result "0-1"]
[WhiteElo "2584"]
[BlackElo "2619"]
[PlyCount "114"]
[EventDate "2019.10.24"]
[EventType "team-swiss"]
[EventRounds "9"]
[EventCountry "GEO"]
[SourceTitle "CBM 193"]
[Source "ChessBase"]
[SourceDate "2019.12.31"]
[SourceVersion "1"]
[SourceVersionDate "2019.12.31"]
[SourceQuality "1"]
[WhiteTeam "Slovenia"]
[BlackTeam "Croatia"]
[WhiteTeamCountry "SLO"]
[BlackTeamCountry "CRO"]

1. e4 c5 2. Nf3 d6 3. Bb5+ Nd7 4. d4 cxd4 5. Qxd4 a6 6. Bxd7+ Bxd7 7. Nc3 e5 8. Qd3 h6 9. Nd2 Rc8 10. Nc4 Be6 11. Ne3 Nf6 12. 0-0 Qc7 13. a4 Be7 14. Rd1 0-0 15. Bd2 Rfd8 16. Be1 Qc6 17. a5 Rd7 18. Ncd5 Bxd5 19. exd5 Qc7 20. c4 Bf8 21. Rac1 g6 22. b4 Qd8 23. b5 Ra8 24. Qb1 Qe8 25. Bb4 Rc7 26. b6 Rcc8 27. c5 dxc5 28. Bc3 c4 29. Qa2 Bc5 30. Nxc4 Ne4 31. Be1 Bd4 32. Kh1 Qb5 33. Rc2 Qxd5 34. f3 Nc5 35. Bg3 Nd7 36. h4 Rc5 37. Nxe5 Qxa2 38. Rxa2 Bxe5 39. Bf2 Rb5 40. Rxd7 Rb1+ 41. Bg1 Bg3 42. Rad2 Re8 43. Rd1 Re1 44. Rxe1 Rxe1 45. Rxb7 Bf2 46. g4 Rxg1+ 47. Kh2 Rb1 48. Ra7 Rb2 49. Kh1 Bxh4 50. Rxa6 Bf2 51. Ra8+ Kg7 52. Rb8 h5 53. gxh5 gxh5 54. f4 h4 55. a6 Rb1+ 56. Kh2 Bg1+ 57. Kh3 Bxb6 0-1

[Event "EU-chT 22nd"]
[Site "Batumi"]
[Date "2019.10.26"]
[Round "3.11"]
[White "Macovei, Andrei"]
[Black "Borisek, Jure"]
[Result "0-1"]
[WhiteElo "2426"]
[BlackElo "2584"]
[PlyCount "118"]
[EventDate "2019.10.24"]
[EventType "team-swiss"]
[EventRounds "9"]
[EventCountry "GEO"]
[SourceTitle "CBM 193"]
[Source "ChessBase"]
[SourceDate "2019.12.31"]
[SourceVersion "1"]
[SourceVersionDate "2019.12.31"]
[SourceQuality "1"]
[WhiteTeam "Moldova"]
[BlackTeam "Slovenia"]
[WhiteTeamCountry "MDA"]
[BlackTeamCountry "SLO"]

1. e4 e5 2. Nf3 Nc6 3. Bb5 a6 4. Ba4 Nf6 5. 0-0 Be7 6. Re1 b5 7. Bb3 d6 8. c3 0-0 9. h3 Nb8 10. d4 Nbd7 11. Nbd2 c5 12. d5 c4 13. Bc2 Qc7 14. a4 Rb8 15. Nf1 Nc5 16. axb5 axb5 17. Ng3 Bd7 18. Bg5 b4 19. Nh2 bxc3 20. bxc3 Nxd5 21. Bxe7 Nxe7 22. Ng4 f6 23. Ne3 Be6 24. Qe2 Nb3 25. Rad1 Rbd8 26. Ngf1 Rd7 27. Nd5 Bxd5 28. exd5 f5 29. Ne3 Na5 30. g4 f4 31. Nf5 g6 32. Nh4 Qc5 33. Qe4 Nb7 34. Nf3 Nd8 35. Ng5 Ra7 36. Qf3 Ra2 37. Bb1 Ra5 38. Rd2 Kg7 39. Red1 Qc7 40. Qe4 Rh8 41. Rb2 Kf6 42. Nf3 Nf7 43. Rb4 Rc5 44. Ba2 h5 45. g5+ Nxg5 46. Nxg5 Kxg5 47. Kh2 Kf6 48. Bxc4 Rb8 49. Rxb8 Qxb8 50. Rg1 Qe8 51. Ra1 Qc8 52. Ra4 Qf5 53. Qf3 e4 54. Qd1 Qe5 55. Qe1 Nf5 56. Bf1 e3 57. fxe3 fxe3+ 58. Kh1 Qxd5+ 59. Bg2 Qd2 0-1

[Event "EU-chT 22nd"]
[Site "Batumi"]
[Date "2019.10.24"]
[Round "1.19"]
[White "Borisek, Jure"]
[Black "Tate, Alan"]
[Result "1-0"]
[WhiteElo "2584"]
[BlackElo "2352"]
[PlyCount "109"]
[EventDate "2019.10.24"]
[EventType "team-swiss"]
[EventRounds "9"]
[EventCountry "GEO"]
[SourceTitle "CBM 193"]
[Source "ChessBase"]
[SourceDate "2019.12.31"]
[SourceVersion "1"]
[SourceVersionDate "2019.12.31"]
[SourceQuality "1"]
[WhiteTeam "Slovenia"]
[BlackTeam "Scotland"]
[WhiteTeamCountry "SLO"]
[BlackTeamCountry "SCO"]

1. e4 e5 2. Nf3 Nc6 3. Bb5 Nf6 4. d3 d6 5. 0-0 a6 6. Bxc6+ bxc6 7. d4 exd4 8. Nxd4 c5 9. Nc6 Qd7 10. Na5 Be7 11. Nc3 0-0 12. Bf4 Ng4 13. h3 Ne5 14. Bxe5 dxe5 15. Qxd7 Bxd7 16. Rfd1 Be6 17. Nd5 Bd6 18. Rd2 f5 19. exf5 Rxf5 20. Nc4 Bxd5 21. Rxd5 Raf8 22. Rd2 Rf4 23. b3 Rd4 24. Re2 Re8 25. Rae1 e4 26. g3 Kf7 27. Kg2 Kg6 28. Nd2 e3 29. fxe3 Rd5 30. e4 Rg5 31. g4 Rge5 32. Nf3 R5e6 33. e5 c4 34. Re4 cxb3 35. axb3 Bc5 36. Rc4 Bb6 37. h4 h6 38. h5+ Kf7 39. g5 Ke7 40. g6 Rf8 41. Kg3 Kd7 42. Rd1+ Ke7 43. Re1 Kd7 44. Ree4 Re7 45. Rf4 Rfe8 46. Kg4 Ke6 47. Rc6+ Kd7 48. Rc3 a5 49. Rd3+ Kc6 50. Rf7 Rxe5 51. Nxe5+ Rxe5 52. Rxg7 Rg5+ 53. Kf4 Rxh5 54. Rh7 Rh4+ 55. Kf5 1-0